000 00481nam a2200181Ia 4500
005 20250508154813.0
008 008 250505s9999 xx 000 0 eng d
037 _aTextual
040 _aFEDL
_beng
_cFEDL
041 _aeng
_2eng
084 _a428.2, THO
_qFEDL
100 _aThornley G C
245 0 _aScientific english practice
260 _aNew Delhi, India
_bLongmans
_c1966
300 _a150p.
942 _cTEXL
_h428.2, THO
999 _c1352215
_d1352215